000 00290nam a2200121Ia 4500
008 241015s9999 xx 000 0 und d
041 _aeng
082 _a658.83 BLA
100 _aBlanchard
245 _aCustomer Mania
260 _bHarper Collins
_aNew York
_c2013
300 _a194;. P. 20 cm
999 _c41728
_d41728